Vincitori Australian Open - Singolare maschile - Statistics

Statistiche generali
  • Questo quiz è stato fatto 21 volte
    17 dall'ultimo reset
  • Il punteggio medio è 35 su 56
Statistiche sulle risposte
Edizione Nazione Tennista vincitore % Corretto
2008 Serbia Novak Djokovic
100%
2011 Serbia Novak Djokovic
100%
2012 Serbia Novak Djokovic
100%
2013 Serbia Novak Djokovic
100%
2015 Serbia Novak Djokovic
100%
2016 Serbia Novak Djokovic
100%
2019 Serbia Novak Djokovic
100%
2020 Serbia Novak Djokovic
100%
2021 Serbia Novak Djokovic
100%
2023 Serbia Novak Djokovic
100%
2009 Spagna Rafael Nadal
100%
2022 Spagna Rafael Nadal
100%
2004 Svizzera Roger Federer
100%
2006 Svizzera Roger Federer
100%
2007 Svizzera Roger Federer
100%
2010 Svizzera Roger Federer
100%
2017 Svizzera Roger Federer
100%
2018 Svizzera Roger Federer
100%
2024 Italia Jannik Sinner
93%
1995 Stati Uniti Andre Agassi
80%
2000 Stati Uniti Andre Agassi
80%
2001 Stati Uniti Andre Agassi
80%
2003 Stati Uniti Andre Agassi
80%
1994 Stati Uniti Pete Sampras
73%
1997 Stati Uniti Pete Sampras
73%
2014 Svizzera Stan Wawrinka
73%
1991 Germania Boris Becker
67%
1996 Germania Boris Becker
67%
1989 Cecoslovacchia Ivan Lendl
60%
1990 Cecoslovacchia Ivan Lendl
60%
2005 Russia Marat Safin
60%
1985 Svezia Stefan Edberg
60%
1987 Svezia Stefan Edberg
60%
1992 Stati Uniti Jim Courier
53%
1993 Stati Uniti Jim Courier
53%
1974 Stati Uniti Jimmy Connors
53%
1969 Australia Rod Laver
53%
1983 Svezia Mats Wilander
47%
1984 Svezia Mats Wilander
47%
1988 Svezia Mats Wilander
47%
1973 Australia John Newcombe
40%
1975 Australia John Newcombe
40%
1970 Stati Uniti Arthur Ashe
33%
1978 Argentina Guillermo Vilas
33%
1979 Argentina Guillermo Vilas
33%
1971 Australia Ken Rosewall
27%
1972 Australia Ken Rosewall
27%
1999 Russia Yevgeny Kafelnikov
27%
1998 Repubblica Ceca Petr Korda
13%
1980 Stati Uniti Brian Teacher
7%
1981 Sudafrica Johan Kriek
7%
1982 Stati Uniti Johan Kriek
7%
1976 Australia Mark Edmondson
7%
1977 Stati Uniti Roscoe Tanner
7%
2002 Svezua Thomas Johansson
7%
1977 Stati Uniti Vitas Gerulaitis
7%
Nessun quiz corrispondente trovato
Distribuzione punteggi
Percentuale di utenti per punteggio
Percentile per numero di risposta
I tuoi punteggi nel tempo
Non hai fatto questo quiz dall'ultimo reset